000 00650nam a2200193 4500
001 140596
003 ES-MaACL
005 20230906200118.0
007 t|
008 070214s1935 fr r ||||1| fre d
100 1 _aSeillière, Ernest.
_9105268
245 1 0 _aJules Lemaître
_b: historien de l'evolution naturiste /
_cErnest Seillière.
260 _aParis :
_bNouvelle Revue Critique,
_c[1935]
300 _a256 p. ;
_c19 cm.
490 1 _aEssais critiques, artistiques, philosophiques et litteraires
830 0 _aEssais critiques, artistiques, philosophiques et litteraires
_9220342
852 _aES-MaACL
_jA-4521
999 _c140596
_d140596